000
00294cam a2200109ua 4500
082
_a
425
_b
WOO/RE
100
_a
Wood, Frederick T .
_9
1669
245
_a
Remedial English Grammar for Foriegn Students /
260
_a
London :
_b
Macmillan Education Ltd. ,
_c
1971.
300
_a
213 ; .
942
_c
BK
999
_c
8648
_d
8648